Business law today : (Record no. 42314)
[ view plain ]
| 000 -LEADER | |
|---|---|
| fixed length control field | 00820cam a22002174a 4500 |
| 001 - CONTROL NUMBER | |
| control field | 14090779 |
| 005 - DATE AND TIME OF LATEST TRANSACTION | |
| control field | 20180212042033.0 |
| 008 - FIXED-LENGTH DATA ELEMENTS--GENERAL INFORMATION | |
| fixed length control field | 050829s2007 ohu 001 0 eng |
| 010 ## - LIBRARY OF CONGRESS CONTROL NUMBER | |
| LC control number | 2005933012 |
| 020 ## - INTERNATIONAL STANDARD BOOK NUMBER | |
| International Standard Book Number | 0324377215 |
| 040 ## - CATALOGING SOURCE | |
| Original cataloging agency | DLC |
| Transcribing agency | DLC |
| Modifying agency | DLC |
| 041 ## - LANGUAGE CODE | |
| Language code of text/sound track or separate title | eng |
| 080 ## - UNIVERSAL DECIMAL CLASSIFICATION NUMBER | |
| Universal Decimal Classification number | 34 MIL |
| 082 ## - DEWEY DECIMAL CLASSIFICATION NUMBER | |
| Classification number | 34 MIL |
| 100 1# - Rafti | |
| Rafti | 14 |
| 101 ## - Shkurtesa | |
| Shkurtesa | JUR |
| 245 10 - TITLE STATEMENT | |
| Title | Business law today : |
| Statement of responsibility, etc | Roger LeRoy Miller, Gaylord A. Jentz. |
| 906 ## - LOCAL DATA ELEMENT F, LDF (RLIN) | |
| a | 7 |
| b | cbc |
| c | orignew |
| d | 2 |
| e | epcn |
| f | 20 |
| g | y-gencatlg |
| 942 ## - ADDED ENTRY ELEMENTS (KOHA) | |
| Source of classification or shelving scheme | |
| Item type | Books |
| Withdrawn status | Lost status | Source of classification or shelving scheme | Damaged status | Not for loan | Collection code | Permanent location | Current location | Shelving location | Date acquired | Total Checkouts | Full call number | Barcode | Date last seen | Price effective from | Koha item type |
|---|---|---|---|---|---|---|---|---|---|---|---|---|---|---|---|
| Koleksioni i përgjithshem | UBT - Lipjan | UBT - Lipjan | Koleksioni i përgjithshem | 02/12/2018 | 34 MIL | 002-2998688 | 02/12/2018 | 02/12/2018 | Books | ||||||
| Koleksioni i përgjithshem | UBT - Lipjan | UBT - Lipjan | Koleksioni i përgjithshem | 02/12/2018 | 34 MIL | 002-2998693 | 02/12/2018 | 02/12/2018 | Books | ||||||
| Koleksioni i përgjithshem | UBT - Lipjan | UBT - Lipjan | Koleksioni i përgjithshem | 02/12/2018 | 34 MIL | 002-2998698 | 02/12/2018 | 02/12/2018 | Books | ||||||
| Koleksioni i përgjithshem | UBT - Lipjan | UBT - Lipjan | Koleksioni i përgjithshem | 02/12/2018 | 34 MIL | 002-2998694 | 02/12/2018 | 02/12/2018 | Books | ||||||
| Koleksioni i përgjithshem | UBT - Lipjan | UBT - Lipjan | Koleksioni i përgjithshem | 02/12/2018 | 34 MIL | 002-2998699 | 02/12/2018 | 02/12/2018 | Books | ||||||
| Koleksioni i përgjithshem | UBT - Lipjan | UBT - Lipjan | Koleksioni i përgjithshem | 02/12/2018 | 34 MIL | 002-2998581 | 02/12/2018 | 02/12/2018 | Books |